000 00855nam a2200217 a 4500
001 19794
003 CO-ViMGA
008 141112s2004 ck r 000 u spa d
020 _a9968380814
040 _aCO-ViMGA
_bspa
_cCO-ViMGA
082 0 4 _a345.7 Ch468i
100 1 _aChiovenda, Giusseppe
_928663
245 1 0 _aInstituciones de derecho procesal civil. Vol. 4
260 _aMexico :
_bEd. Juridica Universitaria,
_c2001
300 _a672 p.
490 _aClásicos del derecho procesal civil
505 _aConceptos fundamentales : ley, derecho, acción Proceso civil y relación jurídico - procesal Actuación de la ley en el proceso civil. relaciones procesales. Sentencias. oposicion. apelacion. revision. recurso de casación
590 _aForma de adquisición : Premio Mincultura
650 1 4 _aPROCEDIMIENTO CIVIL
_948794
942 _2ddc
_cBK
999 _c28926
_d28926